Tilastot visalle Valtioiden muotoja #4

Klikkaa tästä pelataksesi tätä visaa!

Yleistilastot

  • Tätä visaa on pelattu 752 kertaa
  • Keskiarvotulos 10 / 16

Vastaustilastot

Vastaus% Oikein
Sri Lanka
78%
Tanska
78%
Senegal
75%
Laos
73%
Nepal
72%
Benin
68%
Kazakstan
67%
Mosambik
62%
Malesia
61%
Sudan
58%
Taiwan
57%
Venezuela
56%
Nicaragua
44%
Pohjois-Korea
44%
Trinidad ja Tobago
41%
Costa Rica
35%

Tulosjakauma

Persentiili vastausten määrän mukaan

Jokaisen tuloksen saaneiden osuus

Tuloshistoriasi

Et ole pelannut tätä visaa